<?xml version="1.0" encoding="UTF-8"?><?xml-stylesheet type="text/xsl" href="static/style.xsl"?><OAI-PMH xmlns="http://www.openarchives.org/OAI/2.0/" xmlns:xsi="http://www.w3.org/2001/XMLSchema-instance" xsi:schemaLocation="http://www.openarchives.org/OAI/2.0/ http://www.openarchives.org/OAI/2.0/OAI-PMH.xsd"><responseDate>2026-04-27T21:53:21Z</responseDate><request verb="GetRecord" identifier="oai:uvadoc.uva.es:10324/4430" metadataPrefix="marc">https://uvadoc.uva.es/oai/request</request><GetRecord><record><header><identifier>oai:uvadoc.uva.es:10324/4430</identifier><datestamp>2021-06-29T09:44:18Z</datestamp><setSpec>com_10324_38</setSpec><setSpec>col_10324_852</setSpec></header><metadata><record xmlns="http://www.loc.gov/MARC21/slim" xmlns:doc="http://www.lyncode.com/xoai" xmlns:xsi="http://www.w3.org/2001/XMLSchema-instance" xmlns:dcterms="http://purl.org/dc/terms/" xsi:schemaLocation="http://www.loc.gov/MARC21/slim http://www.loc.gov/standards/marcxml/schema/MARC21slim.xsd">
<leader>00925njm 22002777a 4500</leader>
<datafield tag="042" ind1=" " ind2=" ">
<subfield code="a">dc</subfield>
</datafield>
<datafield tag="720" ind1=" " ind2=" ">
<subfield code="a">Lafuente Izquierdo, Cristina</subfield>
<subfield code="e">author</subfield>
</datafield>
<datafield tag="260" ind1=" " ind2=" ">
<subfield code="c">2014</subfield>
</datafield>
<datafield tag="520" ind1=" " ind2=" ">
<subfield code="a">Ante la situación actual en España, son cada vez más las empresas que ponen su mirada en el extranjero. Por eso en este trabajo se analiza México como destino de la inversión directa española</subfield>
</datafield>
<datafield tag="024" ind2=" " ind1="8">
<subfield code="a">http://uvadoc.uva.es/handle/10324/4430</subfield>
</datafield>
<datafield ind1=" " ind2=" " tag="653">
<subfield code="a">Internacionalización</subfield>
</datafield>
<datafield ind1=" " ind2=" " tag="653">
<subfield code="a">Empresas</subfield>
</datafield>
<datafield ind1=" " ind2=" " tag="653">
<subfield code="a">Economía</subfield>
</datafield>
<datafield ind1=" " ind2=" " tag="653">
<subfield code="a">Inversiones internacionales</subfield>
</datafield>
<datafield tag="245" ind1="0" ind2="0">
<subfield code="a">Con la mirada en el exterior ¿dónde invertir? El caso de México.</subfield>
</datafield>
</record></metadata></record></GetRecord></OAI-PMH>